[Event "FSGM Oct"]
[Site "Budapest HUN"]
[Date "2002.10.09"]
[Round "5"]
[White "Antal,Ge"]
[Black "Fogarasi,T"]
[Result "1-0"]
[WhiteElo "2465"]
[BlackElo "2466"]

1.e4 c5 2.Nf3 Nc6 3.d4 cxd4 4.Nxd4 Qb6 5.Nb3 Nf6 6.Nc3 e6 7.Qe2 d6 8.g4 a6
9.Bg2 Be7 10.Be3 Qc7 11.f4 Nd7 12.O-O-O b5 13.e5 dxe5 14.f5 Bb7 15.fxe6 fxe6
16.a4 O-O 17.axb5 Nd4 18.Nxd4 exd4 19.Bxb7 Qxb7 20.Bxd4 e5 21.Be3 axb5 22.Qxb5 Ra1+
23.Kd2 Qg2+ 24.Qe2 Qxh1 25.Rxh1 Rxh1 26.g5 Kh8 27.Qg2 Ra1 28.Ke2 Rd8 29.Nd5 Bc5
30.b4 Bxe3 31.Nxe3 Nf8 32.Qe4 Ng6 33.Qb7 Nf4+ 34.Kf3 Rf8 35.Nf5 Ne6 36.Ke4 Nxg5+
37.Ke3 Ne6 38.Qe7 Rxf5 39.Qxe6 Rf8 40.b5 h6 41.b6 Ra3+ 42.Kd2 Rf2+ 43.Kc1 Rc3
44.Qa2 Rc8 45.b7 Re8 46.Qa7 Rff8 47.Kd2 e4 48.Ke3 Rf3+ 49.Ke2 Rff8 50.Qe3 Rf3
51.Qc5 Rff8 52.c4 Kg8 53.Qd5+ Kh8 54.c5 e3 55.Qd7 Rf2+ 56.Ke1 Ref8 57.Qc8  1-0

[Event "FSIMB Oct"]
[Site "Budapest HUN"]
[Date "2002.10.10"]
[Round "6"]
[White "Farago,S"]
[Black "Berczes,C"]
[Result "1-0"]
[WhiteElo "2299"]
[BlackElo "2311"]

1.e4 c5 2.Nf3 Nc6 3.d4 cxd4 4.Nxd4 Qc7 5.Nc3 e6 6.Be2 a6 7.Be3 Nf6 8.a3 d6
9.Qd2 Be7 10.f4 O-O 11.Nb3 b5 12.O-O Bb7 13.Bf3 Rac8 14.Qf2 Bd8 15.Qg3 Kh8
16.Rad1 Rg8 17.e5 Ne8 18.Ne4 d5 19.Nec5 Ne7 20.Qh3 g6 21.g4 Qc6 22.Nxb7 Qxb7
23.Nc5 Qa7 24.b4 Bb6 25.Kh1 Ng7 26.Be2 Rc7 27.Rf3 Ne8 28.Bd3 Nc6 29.c3 Nd8
30.f5 gxf5 31.gxf5 f6 32.fxe6 f5 33.Nd7 Bxe3 34.Bxf5 Rg7 35.Bxh7 Rxh7 36.Rf8+ Kg7
37.Qg4+ Kh6 38.Rdf1 Bg5 39.Qh3+ Kg6 40.Qf5+ Kh6 41.Rf3 Ng7 42.Rf6+ Bxf6 43.Rh3+ Nh5
44.Rxh5+  1-0

[Event "19th Muensterland Open"]
[Site "Senden GER"]
[Date "2002.10.13"]
[Round "2"]
[White "Tkachuk,S"]
[Black "Mainka,R"]
[Result "0-1"]
[WhiteElo "2181"]
[BlackElo "2411"]

1.e4 c5 2.Nf3 Nc6 3.d4 cxd4 4.Nxd4 Qc7 5.Nc3 e6 6.Be3 a6 7.Be2 Nf6 8.O-O Be7
9.f4 d6 10.Kh1 O-O 11.g4 Re8 12.g5 Nd7 13.f5 Nde5 14.f6 Bf8 15.Nxc6 bxc6
16.Bf4 Ng6 17.fxg7 Kxg7 18.Bh5 Rb8 19.b3 c5 20.Qf3 Bb7 21.Rad1 Rbd8 22.Bg3 Kg8
23.h4 Re7 24.Bxg6 hxg6 25.h5 Bg7 26.h6 Bh8 27.Kg1 Kh7 28.Ne2 c4 29.Rf2 Rdd7
30.Qe3 Qc5 31.Rf3 cxb3 32.cxb3 Qc2 33.Rxd6 Qxe4 34.Qxe4 Bxe4 35.Re3 Bb7 36.Red3 Rxd6
37.Rxd6 e5 38.Nc3 e4 39.Nd5 Bxd5 40.Rxd5 Bc3 41.Rc5 Bb4 42.Rc2 e3 43.Re2 Re4
44.Kg2 Rg4 45.Rxe3 Rxg5 46.Kf3 Rf5+ 47.Ke4 Kxh6 48.Rd3 Rf1 49.Bd6 f5+ 50.Ke3 a5
51.Bxb4 axb4 52.Rd4 Re1+ 53.Kf3 Re4 54.Rd8 Kg5 55.Ra8 Rf4+ 56.Kg3 Rd4 57.Rb8 Rd3+
58.Kf2 Rd2+ 59.Kf3 Rxa2 60.Rxb4 Rc2 61.Rb6 Rc3+ 62.Kf2 f4 63.b4 Kf5 64.b5 g5
65.Rb8 Rc2+ 66.Ke1 Kg4 67.b6 Rb2 68.b7 f3 69.Kd1 f2 70.Rf8 Kg3 71.Rxf2 Kxf2  0-1

[Event "V Autumn"]
[Site "Alushta UKR"]
[Date "2002.10.19"]
[Round "7"]
[White "Varavin,V"]
[Black "Alexandrova,O"]
[Result "1/2-1/2"]
[WhiteElo "2438"]
[BlackElo "2430"]

1.e4 c5 2.Nf3 Nc6 3.d4 cxd4 4.Nxd4 Qb6 5.Nb3 e6 6.Nc3 Nf6 7.Be2 Be7 8.O-O O-O
9.Be3 Qc7 10.f4 d6 11.Kh1 a6 12.a4 b6 13.Qe1 Bb7 14.Qf2 Nd7 15.Rad1 Rac8
16.Nd4 Nc5 17.Bf3 Rfd8 18.Qg3 Bf8  1/2-1/2

[Event "2nd Rohde Open"]
[Site "Sautron FRA"]
[Date "2002.10.26"]
[Round "1"]
[White "Guez,F"]
[Black "Lukov,V"]
[Result "0-1"]
[WhiteElo "2118"]
[BlackElo "2463"]

1.e4 c5 2.Nf3 Nc6 3.d4 cxd4 4.Nxd4 Qc7 5.Nc3 e6 6.g3 a6 7.Bg2 d6 8.O-O Bd7
9.a4 Be7 10.Be3 Nf6 11.Nxc6 Bxc6 12.a5 O-O 13.Bb6 Qb8 14.Qe2 Nd7 15.Bd4 Qc7
16.Rfd1 Rae8 17.Qc4 Qb8 18.Rd2 Bd8 19.b4 Qc7 20.Rad1 Kh8 21.Be3 Ne5 22.Qe2 Be7
23.f4 Nd7 24.Qc4 Rc8 25.Qe2 f5 26.Bh3 Bf6 27.Bd4 Rce8 28.Bxf6 Nxf6 29.exf5 exf5
30.Qd3 Be4 31.Nxe4 Nxe4 32.Re2 d5 33.Bg2 Rc8 34.Rc1 Qc4 35.Qa3 Qd4+  0-1

[Event "Olympiad w"]
[Site "Bled SLO"]
[Date "2002.10.27"]
[Round "2"]
[White "Ramaswamy,A"]
[Black "Mongontuul,B"]
[Result "0-1"]
[WhiteElo "2271"]
[BlackElo "2375"]

1.e4 c5 2.Nf3 Nc6 3.d4 cxd4 4.Nxd4 Qc7 5.Nc3 e6 6.Be2 a6 7.Be3 Nf6 8.a4 Bb4
9.f3 d5 10.Bd3 Nxd4 11.Bxd4 e5 12.O-O exd4 13.Nxd5 Nxd5 14.exd5 O-O 15.f4 f5
16.Rc1 Bd7 17.c3 dxc3 18.Qb3 Qb6+ 19.Kh1 cxb2 20.Qxb2 Bxa4 21.d6 Bc6 22.Rfd1 a5
23.d7 Kh8 24.Bc4 Rad8 25.Rd3 Rxd7 26.Rg3 Qd4 27.Qe2 Qd2 28.Qf1 Re8 29.Bb3 Rde7
30.Rd1 Re1  0-1

[Event "10th Chigorin Mem"]
[Site "St Petersburg RUS"]
[Date "2002.10.27"]
[Round "3"]
[White "Klimov,S"]
[Black "Fominyh,A"]
[Result "0-1"]
[WhiteElo "2458"]
[BlackElo "2529"]

1.e4 c5 2.Nf3 Nc6 3.d4 cxd4 4.Nxd4 Qb6 5.Nb3 Nf6 6.Nc3 e6 7.Bd3 Be7 8.Be3 Qc7
9.f4 O-O 10.e5 Ne8 11.Qh5 f5 12.exf6 Nxf6 13.Qe2 Nb4 14.O-O-O b6 15.Rhg1 Nxd3+
16.Qxd3 Bb7 17.g4 Rac8 18.f5 Nd5 19.Nxd5 Bxd5 20.Kb1 Qc4 21.Qxc4 Rxc4 22.Nd2 Rcc8
23.c4 Bc6 24.fxe6 dxe6 25.Rgf1 Rfd8 26.Kc2 Be8 27.b3 Bg6+ 28.Kb2 Bf6+ 29.Ka3 Rd3
30.Rde1 Rc3 31.c5 bxc5 32.Rf4 Rc2 33.Nc4 Bc3  0-1

[Event "2nd Rohde Open"]
[Site "Sautron FRA"]
[Date "2002.10.28"]
[Round "3"]
[White "Bruned,Y"]
[Black "Lukov,V"]
[Result "1-0"]
[WhiteElo "2130"]
[BlackElo "2463"]

1.e4 c5 2.Nf3 Nc6 3.d4 cxd4 4.Nxd4 Qc7 5.Nb5 Qb8 6.c4 Nf6 7.N5c3 e6 8.Be3 b6
9.Be2 Bc5 10.Bg5 Bb7 11.Nd2 Bd4 12.Qc2 h6 13.Bh4 d6 14.Nf3 Bc5 15.a3 a5 16.Bxf6 gxf6
17.O-O Ke7 18.Rfd1 h5 19.Rab1 h4 20.h3 Qg8 21.Kf1 Qg6 22.Ne1 Nd4 23.Qd3 a4
24.Bf3 Rhg8 25.e5 Nxf3 26.Qxg6 Nh2+ 27.Kg1 Rxg6 28.exf6+ Rxf6 29.Kxh2 Rxf2
30.Rd3 Rg8 31.Nd1 Rfxg2+ 32.Nxg2 Rxg2+ 33.Kh1  1-0

[Event "2nd Rohde Open"]
[Site "Sautron FRA"]
[Date "2002.10.29"]
[Round "4"]
[White "Marchadour,C"]
[Black "Trajkovic,P"]
[Result "0-1"]
[WhiteElo "2081"]
[BlackElo "2344"]

1.e4 c5 2.Nf3 Nc6 3.d4 cxd4 4.Nxd4 Qc7 5.Nb5 Qb8 6.c4 Nf6 7.N5c3 e6 8.f4 d6
9.Be2 Be7 10.O-O b6 11.Be3 O-O 12.Nd2 a6 13.Bf3 Nd7 14.Qe2 Qc7 15.Rac1 Ncb8
16.Rfd1 Bb7 17.Qf2 Re8 18.b3 Bd8 19.Nf1 Nf8 20.g4 Nbd7 21.Ng3 Bc6 22.Nb5 Bxb5
23.cxb5 Qb8 24.Rc6 axb5 25.Rcxd6 e5 26.Nf5 Nc5 27.fxe5 Bc7 28.R6d5 Bxe5 29.Bxc5 bxc5
30.Rxc5 Ne6 31.Rc2 g6 32.Ng3 Rd8 33.Rcd2 Rxd2 34.Rxd2 Qc7 35.Ne2 Ng5 36.Kg2 Bxh2
37.Ng3 Bxg3 38.Qxg3 Qc3 39.Rf2 Rd8 40.Qf4 Ne6 41.Qg3 Qe3 42.Kh2 b4 43.Bg2 Qh6+
44.Qh3 Qg5 45.Qf3 Qh4+ 46.Kg1 Qe7 47.Qe3 Qd6 48.Rf1 Qe5 49.Qb6 Rd4 50.Qb7 Ng5
51.Qa7 Rd2 52.Rf2 Rd1+ 53.Rf1 Rd3 54.Qf2 Rg3 55.Qe2 h6 56.Kh1 Qe6 57.Rf4 Qe5
58.Qf2 Rc3 59.Qd2 Kg7 60.Rf1 Nxe4 61.Bxe4 Qxe4+ 62.Qg2 Rh3+ 63.Kg1 Qd4+ 64.Rf2 Rh4
65.Qf3 Qxg4+  0-1

[Event "Olympiad w"]
[Site "Bled SLO"]
[Date "2002.10.30"]
[Round "5"]
[White "Hunt,H"]
[Black "Paridar,S"]
[Result "0-1"]
[WhiteElo "2406"]
[BlackElo "2132"]

1.e4 c5 2.Nf3 Nc6 3.d4 cxd4 4.Nxd4 Qc7 5.Nc3 e6 6.Be2 a6 7.O-O Nf6 8.Kh1 Nxd4
9.Qxd4 Bc5 10.Qd3 b5 11.f4 Bb7 12.Bf3 O-O 13.e5 Ne8 14.Bxb7 Qxb7 15.Ne4 Be7
16.Be3 Rc8 17.c3 f5 18.Nd2 h6 19.Nf3 Rf7 20.Rfd1 Nc7 21.a4 b4 22.c4 a5 23.b3 Bf8
24.Nd4 Na6 25.Nb5 Nc5 26.Bxc5 Bxc5 27.Qg3 Kh7 28.h4 Rg8 29.Nd6 Bxd6 30.Rxd6 g5
31.hxg5 hxg5 32.fxg5 Kg6 33.Kg1 Rh8 34.Rad1 Rh5 35.Qf3 Qa7+ 36.Kf1 Qc5 37.R1d5 Rh1+
38.Ke2 Qa7 39.c5 Kg7 40.g6 Re7 41.c6 dxc6 42.Rd1 Rh4 43.Rxc6 Re4+ 44.Kf1 Kxg6
45.Rd8 Rxe5 46.Qg3+ Kf6 47.Qh4+ Kg6 48.Rcc8 Re4 49.Rg8+ Rg7 50.Qg3+ Rg4 51.Qd6 Re4
52.Rce8 Qf7 53.Rgf8 Qd7 54.Qxd7 Rxd7 55.Rg8+ Kf6 56.Ra8 Rd5 57.Ra6 Ke5 58.Rga8 Kd4
59.Rxa5 Rxa5 60.Rxa5 Kc3 61.Rb5 Kxb3 62.a5 Rc4 63.Re5 Rc6 64.Re1 Ka4 65.Ra1+ Kb5
66.Ke2 Ra6 67.Kd3 Rxa5 68.Re1 Ra6 69.Re5+ Ka4 70.Kc2 Rc6+ 71.Kb2 Rd6 72.Re2 b3
73.g4 Rd4 74.g5 Rg4 75.Rxe6 Rxg5 76.Ra6+ Kb5 77.Rf6 Kc4 78.Rc6+ Kd5 79.Rc3 f4
80.Rxb3 Ke4 81.Rb4+ Ke3 82.Rb3+ Ke2 83.Rb8 Rc5 84.Re8+ Kf2 85.Kb3 f3 86.Kb4 Rc7
87.Kb5 Kf1 88.Kb6 Rc2 89.Kb5 f2 90.Rh8 Ke1  0-1

[Event "Olympiad w"]
[Site "Bled SLO"]
[Date "2002.10.30"]
[Round "5"]
[White "Hamid,R"]
[Black "Botsari,A"]
[Result "0-1"]
[WhiteElo "2148"]
[BlackElo "2320"]

1.e4 c5 2.Nf3 Nc6 3.d4 cxd4 4.Nxd4 Qc7 5.Nc3 e6 6.Ndb5 Qb8 7.Be3 a6 8.Nd4 Nf6
9.Bd3 h5 10.h3 Bd6  0-1

[Event "Olympiad w"]
[Site "Bled SLO"]
[Date "2002.10.30"]
[Round "5"]
[White "Hund,B"]
[Black "Peng Zhaoqin"]
[Result "0-1"]
[WhiteElo "2285"]
[BlackElo "2443"]

1.e4 c5 2.Nf3 Nc6 3.d4 cxd4 4.Nxd4 Qc7 5.Nc3 e6 6.f4 a6 7.Be2 b5 8.Nxc6 Qxc6
9.Bf3 Bb7 10.e5 Qb6 11.Ne4 Nh6 12.Qd3 Nf5 13.Bd2 d5 14.exd6 Rd8 15.O-O-O Bxd6
16.Nxd6+ Rxd6 17.Qa3 Bxf3 18.Qxf3 O-O 19.Bb4 Rxd1+ 20.Rxd1 Rc8 21.Qe4 h5
22.Bc3 Qe3+ 23.Qxe3 Nxe3 24.Rd2 Nd5 25.Be5 f6 26.Bd6 Rc6 27.Bb8 g6 28.g3 Kf7
29.a3 h4 30.b3 Rc3 31.gxh4 Rc8 32.Bd6 Rc6 33.Bb8 Rb6 34.Bc7 Rc6 35.Bb8 Ke7
36.h5 Rc8 37.Ba7 Nxf4 38.hxg6 Nxg6 39.b4 Ne5 40.Bc5+ Kf7 41.Rd6 Ra8 42.h4 Nc4
43.Rd3 e5 44.Kb1 Ke6 45.Ka2 Rh8 46.Bf2 f5 47.Kb3 f4 48.a4 e4 49.Rh3 e3 50.Be1 Kf5
51.axb5 axb5 52.Rh1 Ra8 53.Kc3 Ke5  0-1

[Event "Olympiad w"]
[Site "Bled SLO"]
[Date "2002.10.30"]
[Round "5"]
[White "Lakos,N"]
[Black "Galojan,L"]
[Result "1-0"]
[WhiteElo "2350"]
[BlackElo "2236"]

1.e4 c5 2.Nf3 Nc6 3.d4 cxd4 4.Nxd4 Qc7 5.Nc3 e6 6.Be3 a6 7.Qd2 Nf6 8.O-O-O Bb4
9.f3 b5 10.Nb3 Ne5 11.Bd4 O-O 12.Qg5 Bd6 13.Kb1 h6 14.Qd2 Ne8 15.Qf2 Ng6
16.Bb6 Qb8 17.g3 Bc7 18.Bc5 d6 19.Be3 Bb7 20.Bd3 Nf6 21.Rhe1 Ne5 22.Bd4 Nxd3
23.cxd3 e5 24.Be3 d5 25.Bc5 Re8 26.exd5 Nxd5 27.Nxd5 Bxd5 28.Nd2 Qb7 29.d4 exd4
30.Bxd4 Rxe1 31.Rxe1 Be6 32.Ne4 Qd5 33.b3 Rd8 34.Bc3 a5 35.Qc2 Bb6 36.Re2 b4
37.Rd2 Qf5 38.Rxd8+ Bxd8 39.Qd3 Bb6 40.Bb2 Bd5 41.Nf6+  1-0

[Event "Olympiad w"]
[Site "Bled SLO"]
[Date "2002.10.30"]
[Round "5"]
[White "Seps,M"]
[Black "Hamelink,D"]
[Result "0-1"]
[WhiteElo "2067"]
[BlackElo "2188"]

1.e4 c5 2.Nf3 Nc6 3.d4 cxd4 4.Nxd4 Qc7 5.Nc3 e6 6.g3 a6 7.Bg2 Bb4 8.O-O Nf6
9.Nde2 h5 10.a3 Be7 11.Nd4 h4 12.Be3 Ne5 13.Nf3 Nc4 14.Bf4 d6 15.b3 Ne5 16.Qd2 hxg3
17.hxg3 Bd7 18.Nd4 Rc8 19.Nde2 Neg4 20.Rad1 Nh2 21.Rfe1 e5 22.Bg5 Bg4 23.Qd3 Bxe2
24.Nxe2 Nfg4 25.Be3 Qxc2 26.Qxc2 Rxc2 27.Ba7 Bg5 28.Rxd6 Ke7 29.Rd5 Rhc8
30.Red1 Rxe2 31.Bc5+ Ke8 32.f3 Be3+ 33.Bxe3 Nxe3 34.R1d2 Rxg2+ 35.Rxg2 Nxf3+
36.Kf2 Nxd5 37.Kxf3 Rc3+  0-1

[Event "10th Chigorin Mem"]
[Site "St Petersburg RUS"]
[Date "2002.11.01"]
[Round "7"]
[White "Okrugin,S"]
[Black "Gasanov,E"]
[Result "1-0"]
[WhiteElo "2392"]
[BlackElo "2473"]

1.e4 c5 2.Nf3 Nc6 3.d4 cxd4 4.Nxd4 Qb6 5.Nb3 Nf6 6.Bd3 e6 7.O-O Be7 8.c4 Ne5
9.Nc3 O-O 10.c5 Qc6 11.Bf4 d6 12.Bc2 b6 13.cxd6 Bxd6 14.Nd4 Qe8 15.Ndb5 Bb8
16.Nd6 Bxd6 17.Qxd6 Ng6 18.e5 Nh5 19.Bg5 Ba6 20.Rfe1 h6 21.Qd1 Nhf4 22.Bxf4 Nxf4
23.Qg4 Bd3 24.Bxd3 Nxd3 25.Re3 Rd8 26.Ne4 Kh8 27.Nf6 Qb5 28.Rg3 g6 29.Qh4 Kg7
30.Nh5+ Kh7 31.Qf6 Qxe5 32.Rxd3 Qxf6 33.Nxf6+ Kg7 34.Rxd8 Rxd8 35.Ne4 f5
36.Nc3 Rd2 37.b3 Kf6 38.Rc1 g5 39.Kf1 g4 40.a4 Rb2 41.Rb1 Rc2 42.Nb5 a6 43.Na3 Ra2
44.Nc4 b5 45.axb5 axb5 46.Nd6 b4 47.Nc4 h5 48.g3 Rc2 49.Ne3 Ra2 50.Ng2 e5
51.Ne3 Ke6 52.Nc4 Rc2 53.Re1 e4 54.Ra1 Rc3 55.Ra6+ Kd5 56.Ne3+ Kc5 57.Ra5+ Kb6
58.Rxf5 Rxb3 59.Rxh5 Rb1+ 60.Kg2 b3 61.Nc4+ Kc6 62.Re5 Ra1 63.Rxe4 Kc5 64.Nb2 Ra2
65.Nd3+ Kd5 66.Rb4 Rd2 67.Rxb3 Kc4  1-0

[Event "10th Chigorin Mem"]
[Site "St Petersburg RUS"]
[Date "2002.11.01"]
[Round "7"]
[White "Areshchenko,A"]
[Black "Fominyh,A"]
[Result "1/2-1/2"]
[WhiteElo "2567"]
[BlackElo "2529"]

1.e4 c5 2.Nf3 Nc6 3.d4 cxd4 4.Nxd4 Qc7 5.Nc3 e6 6.Be2 a6 7.O-O Nf6 8.Be3 Bb4
9.Na4 Be7 10.Nxc6 bxc6 11.Nb6 Rb8 12.Nxc8 Qxc8 13.e5 Nd5 14.Bc1 Bc5 15.c4 Ne7
16.b3 Qc7 17.Bb2 d6 18.exd6 Bxd6 19.g3 Be5 20.Bxe5 Qxe5 21.Bf3 c5 22.Qd2 Qc7
23.Be4  1/2-1/2

[Event "Olympiad w"]
[Site "Bled SLO"]
[Date "2002.11.02"]
[Round "8"]
[White "Hagarova,Z"]
[Black "Lakos,N"]
[Result "1/2-1/2"]
[WhiteElo "2333"]
[BlackElo "2350"]

1.e4 c5 2.Nf3 Nc6 3.d4 cxd4 4.Nxd4 Qc7 5.Nc3 e6 6.Be3 Nf6 7.f4 Bb4 8.Nb5 Qa5
9.a3 Bxc3+ 10.Nxc3 Nxe4 11.Qg4 O-O 12.Bd3 f5 13.Qh3 d5 14.O-O Nxc3 15.bxc3 Qxc3
16.g4 Rf6 17.Rae1 Qxa3 18.Kh1 Bd7 19.Rg1 Qd6 20.gxf5 exf5 21.Rg5 d4 22.Bd2 Qd5+
23.Kg1 Qf7 24.Kf2 Be6 25.Reg1 g6 26.Rh5 Re8 27.Qh4 Bd5 28.Rg3 Re7 29.Kf1 Qf8
30.Qh3 Rg7 31.Rhg5 a6 32.Kf2 b5 33.Rg1 Be4 34.Qf1 Nb4 35.Qb1 a5 36.Bxb5 Nxc2
37.Qa2+ Kh8 38.Qxa5 Qc5 39.Rc1 Ra7 40.Qd8+ Rf8 41.Be8 Re7 42.Qb8 Rfxe8 43.Qb2 Qa7
44.Rg3 Rb7 45.Rb3 Rxb3 46.Qxb3 Rb8 47.Qe6 Qg7 48.Ba5 h6 49.h4 h5 50.Rg1 Kh7
51.Bc7 Rb2 52.Be5 Ne3+ 53.Kg3 Bd5 54.Qe8 Qg8 55.Qe7+ Qf7 56.Qd8 Qg8 57.Qe7+ Bf7
58.Bxd4 Rb3 59.Bxe3 Qe8 60.Qxe8 Bxe8 61.Re1 Bc6 62.Kf2  1/2-1/2

[Event "10th Chigorin Mem B"]
[Site "St Petersburg RUS"]
[Date "2002.11.02"]
[Round "8"]
[White "Sudakova,I"]
[Black "Shamugia,S"]
[Result "1-0"]
[WhiteElo "2345"]
[BlackElo "2320"]

1.e4 c5 2.Nf3 Nc6 3.d4 cxd4 4.Nxd4 Qb6 5.Nb3 Nf6 6.Nc3 e6 7.Be3 Qc7 8.g3 a6
9.Bg2 d6 10.f4 Be7 11.g4 g5 12.e5 Nd7 13.exd6 Bxd6 14.Ne4 Bxf4 15.Bxf4 Qxf4
16.Qe2 O-O 17.Rf1 Qe5 18.O-O-O f5 19.gxf5 exf5 20.Qc4+ Kg7 21.Nxg5 Qe3+ 22.Kb1 Qxg5
23.Bxc6 Ne5 24.Qc3 Qf6 25.Bd5 Ng6 26.Qc7+ Qe7 27.Qxe7+ Nxe7 28.Bxb7 Bxb7
29.Rd7 Rf7 30.Rxb7 Rd8 31.c3 f4 32.Nd4  1-0

[Event "Blue Autumn"]
[Site "Bucharest ROM"]
[Date "2002.11.03"]
[Round "12"]
[White "Lupulescu,C"]
[Black "Djukic,Ni"]
[Result "1/2-1/2"]
[WhiteElo "2480"]
[BlackElo "2413"]

1.e4 c5 2.Nf3 Nc6 3.d4 cxd4 4.Nxd4 Qc7 5.Nb5 Qb8 6.Bd3 Nf6 7.f4 d6 8.O-O g6
9.Kh1 Bg7 10.Nd2 O-O 11.Nf3 Bd7 12.a3 a6 13.Nc3 b5 14.Qe1 b4 15.Nd5 bxa3
16.Rxa3 Nxd5 17.exd5 Nb4 18.Qxe7 Nxd3 19.cxd3 Ra7 20.Qh4 Qb5 21.Ng5 h6 22.Ne4 Qxd5
23.Qxh6 Bf5 24.Qh4 Bxe4 25.dxe4 Qxe4 26.Rh3 Rc8 27.Qh7+ Kf8 28.Rhf3 Qf5 29.Bd2 Rac7
30.Bb4 Rc6 31.Rd1 Rd8 32.Bc3 Bxc3 33.Rxc3 Rxc3 34.Qh8+ Ke7 35.Qh4+ g5 36.Qe1+ Kd7
37.Qxc3 Qxf4 38.Qd3 Rh8 39.h3 Qe5 40.Qxa6 Ke7 41.Qb7+ Kf8 42.Qb8+ Kg7 43.Qxd6 Qxb2
44.Qg3 Qf6 45.Rd5 Qf1+ 46.Kh2 f6 47.Rd2 Rc8 48.Qf2  1/2-1/2

[Event "Olympiad w"]
[Site "Bled SLO"]
[Date "2002.11.04"]
[Round "9"]
[White "Lujan,C"]
[Black "Botsari,A"]
[Result "0-1"]
[WhiteElo "2238"]
[BlackElo "2320"]

1.e4 c5 2.Nf3 Nc6 3.d4 cxd4 4.Nxd4 Qc7 5.Nc3 e6 6.Be2 a6 7.O-O Nf6 8.Kh1 Nxd4
9.Qxd4 Bc5 10.Qd3 b5 11.Bg5 b4 12.Na4 Bb7 13.Nxc5 Qxc5 14.Bxf6 gxf6 15.a3 a5
16.axb4 Qxb4 17.Rfd1 Bc6 18.Bf3 Qxb2 19.e5 O-O 20.Bxc6 dxc6 21.Qg3+ Kh8 22.c3 Rg8
23.Qf3 f5 24.Rdb1 Qd2 25.Rb7 Rg7 26.Qxc6 Rag8 27.Rab1 Rxg2 28.Qxg2 Rxg2 29.Kxg2 Kg7
30.c4 Qd4 31.R7b5 Qxc4 32.R1b3 f4 33.Rb2 a4 34.R5b4 Qd5+ 35.f3 Qxe5 36.Rf2 Qa5
37.Rbb2 e5 38.Ra2 f5 39.Rfe2 Kf6 40.Ra3 Qb5 41.Rea2 e4 42.Rxa4 e3 43.Ra6+ Kg5
44.Ra8 Qb3 45.Re2 Qc4 46.Raa2 Kh4 47.Rac2 Qg8+ 48.Kf1 Kh3 49.Rc6 Qg7 50.Rcc2 Qb7
51.Ke1 Qb1+  0-1

[Event "Olympiad w"]
[Site "Bled SLO"]
[Date "2002.11.05"]
[Round "10"]
[White "Bazaj Bockai,S"]
[Black "Galojan,L"]
[Result "1/2-1/2"]
[WhiteElo "2144"]
[BlackElo "2236"]

1.e4 c5 2.Nf3 Nc6 3.d4 cxd4 4.Nxd4 Qc7 5.Nc3 e6 6.Be3 a6 7.Be2 Nf6 8.O-O Bb4
9.Nxc6 bxc6 10.Qd4 c5 11.Qc4 Bb7 12.Bf3 d6 13.a3 Bxc3 14.Qxc3 e5 15.Qc4 Bc6
16.Rfe1 O-O 17.Rad1 h6 18.Bc1 Rfd8 19.g3 Qa5 20.Qe2 Bb5 21.c4 Ba4 22.Rd3 Rab8
23.Bd2 Qc7 24.Bc3 Bb3 25.Rd2 Qe7 26.Bg2 Qe6 27.Bf1 Rd7 28.Qd3 Qg4 29.f3 Qe6
30.Rf2 Re7 31.h3 Nh5 32.Kh2 Qg6 33.Rg2 Kf8 34.Ree2 Qe6 35.Rd2 Rd7 36.Rdf2 Re7
37.Be2 Nf6 38.Bf1 Ba4 39.Rd2 Ne8 40.b4 Qc8 41.f4 exf4 42.gxf4 Bc6 43.Qg3 f5
44.exf5 Bxg2 45.Rxg2 Qxf5 46.Bd3 Qe6 47.Re2 Qf7 48.Rg2 Qe6 49.Re2 Qf7 50.Rg2  1/2-1/2

[Event "Olympiad w"]
[Site "Bled SLO"]
[Date "2002.11.05"]
[Round "10"]
[White "Arakhamia,K"]
[Black "Lakos,N"]
[Result "1/2-1/2"]
[WhiteElo "2413"]
[BlackElo "2350"]

1.e4 c5 2.Nf3 Nc6 3.d4 cxd4 4.Nxd4 Qc7 5.Nc3 e6 6.Be3 Nf6 7.Qd2 Bb4 8.f3 Nxd4
9.Qxd4 Bxc3+ 10.bxc3 b6 11.Be2 d5 12.e5 Nd7 13.f4 Bb7 14.O-O Rc8 15.Bd2 Qc5
16.Bd3 Nb8 17.a4 Ba6 18.a5 Qxd4+ 19.cxd4 Bxd3 20.cxd3 Nc6 21.axb6 axb6 22.Rfb1 Rb8
23.Ra6 Kd7 24.Rbxb6 Rxb6 25.Rxb6 Rb8 26.Rxb8 Nxb8 27.Bb4 Nc6 28.Bc5 h5 29.Kf2 g6
30.Ke3 Na5 31.Kd2 Nb3+ 32.Kc2 Na5 33.Kc3 Nc6 34.Kb3 Nb8 35.Kb4 Kc6 36.Bd6 Nd7
37.Ka5 Nb6 38.g3 Nd7 39.Be7 Nb8 40.Bd6 Nd7 41.Ba3 Nb8 42.h3 Nd7 43.Bd6 Nb6
44.Be7 Nd7  1/2-1/2

[Event "Olympiad"]
[Site "Bled SLO"]
[Date "2002.11.06"]
[Round "11"]
[White "Bryson,D"]
[Black "Sakelsek,T"]
[Result "1/2-1/2"]
[WhiteElo "2388"]
[BlackElo "2296"]

1.e4 c5 2.Nf3 Nc6 3.d4 cxd4 4.Nxd4 Qc7 5.Nc3 e6 6.Be3 a6 7.Be2 Nf6 8.O-O Bb4
9.Na4 Be7 10.Nxc6 bxc6 11.Nb6 Rb8 12.Nxc8 Qxc8 13.e5 Nd5 14.Bc1 c5 15.Bf3 Nb4
16.c3 Nc6 17.Re1 O-O 18.Qa4 Qc7 19.Qe4 Rb6 20.Bd1 f5 21.exf6 Rxf6 22.Bc2 g6
23.b3 Rb8 24.Bd2 Rbf8 25.Re2 d5 26.Qg4 Bd6 27.Qh3 Bf4 28.Rae1 Bxd2 29.Rxd2 Qf4
30.Qe3 Qxe3 31.fxe3 Rd8 32.Red1 Rf7 33.c4 Rfd7 34.Be4 Ne7 35.Kf2 Kg7 36.Ke2 Kf6
37.cxd5 exd5 38.Bf3 a5 39.Rc2 Rc7 40.Rdc1 Rdc8 41.Bg4 Nf5 42.Rf1 Ke5 43.Bxf5 gxf5
44.Rf4 c4 45.bxc4 Rxc4 46.Rfxc4 Rxc4 47.Rd2 Ke4 48.Kf2 Rb4 49.Ke2 a4 50.a3 Rc4
51.Rb2 Rc3 52.Rb4+ Rc4 53.Rb2 Rc3 54.Rb4+ Rc4 55.Rb2 Rc3  1/2-1/2

[Event "Olympiad w"]
[Site "Bled SLO"]
[Date "2002.11.06"]
[Round "11"]
[White "Martinez,AleiJ"]
[Black "Paridar,S"]
[Result "0-1"]
[WhiteElo "2203"]
[BlackElo "2132"]

1.e4 c5 2.Nf3 Nc6 3.d4 cxd4 4.Nxd4 Qc7 5.Nb5 Qb8 6.c4 Nf6 7.N5c3 e6 8.Be3 b6
9.Be2 Bd6 10.g3 Bc7 11.O-O O-O 12.f4 a6 13.Nd2 d6 14.a3 Bb7 15.Bf3 Nd7 16.b4 Ne7
17.Rc1 f5 18.Qe2 Nf6 19.Rfd1 Qe8 20.Bf2 e5 21.Be3 fxe4 22.Ndxe4 Nxe4 23.Nxe4 Nf5
24.Bf2 exf4 25.gxf4 d5 26.cxd5 Bxf4 27.Rc2 Rd8 28.Ng3 Qg6 29.Bh5 Qg5 30.Qg4 Ne3
31.Qxg5 Bxg5 32.Bxe3 Bxe3+ 33.Kg2 Bxd5+ 34.Rxd5 Rxd5 35.Rc3 Rd2+ 36.Kh3 Bg1
37.Ne2 g6 38.Bg4 Bf2 39.Kg2 h5 40.Bf3 Bd4 41.Rc6 Kg7 42.Re6 a5 43.bxa5 bxa5
44.a4 Ra2 45.Re4 Bc5 46.Re5 Bb4 47.Bc6 Bd6 48.Re6 Bxh2 49.Kxh2 Rf2+ 50.Kg3 Raxe2
51.Rd6 Rd2 52.Re6 Rf6 53.Re7+ Kf8 54.Re8+ Kf7 55.Bb5 g5 56.Re3 Kg6 57.Kh3 g4+
58.Kh4 Rh2+ 59.Kg3  0-1

[Event "Olympiad w"]
[Site "Bled SLO"]
[Date "2002.11.07"]
[Round "12"]
[White "Pokorna,Reg"]
[Black "Peng Zhaoqin"]
[Result "1/2-1/2"]
[WhiteElo "2362"]
[BlackElo "2443"]

1.e4 c5 2.Nf3 Nc6 3.d4 cxd4 4.Nxd4 Qc7 5.Nc3 e6 6.Be2 a6 7.O-O Bc5 8.Be3 Nce7
9.Qd2 Nf6 10.f4 O-O 11.Bf3 d6 12.Rad1 Ng6 13.Nb3 Bxe3+ 14.Qxe3 Rb8 15.Rd2 b5
16.Rfd1 b4 17.Ne2 a5 18.Rxd6 Bb7 19.Qc5 Rbc8 20.Qxc7 Rxc7 21.Nxa5 Bxe4 22.Bxe4 Nxe4
23.R6d4 f5 24.Nc4 h6 25.a3 bxa3 26.Nxa3 Kh7 27.c4 Rb7 28.Nb5 Ra8 29.b3 Ra2
30.Nec3 Nxc3 31.Nxc3 Ra3 32.c5 Rbxb3 33.Na4 Ne7 34.Nb6 Ra2 35.R4d2 Rxd2 36.Rxd2 Rc3
37.Nd7 Nd5 38.Nf8+ Kg8 39.Nxe6 Nf6 40.h3 Ne4 41.Rd7 g5 42.Rg7+ Kh8 43.Rg6 gxf4
44.Rxh6+ Kg8 45.Nxf4 Rxc5 46.Rh5 Kf7 47.Kh2 Nf6 48.Rh8 Rc4 49.Nd3 Re4 50.Ra8 Nh5
51.Ra6 Re3 52.Rh6 Rxd3 53.Rxh5 Kg6 54.Rh8 Ra3 55.Rb8 Rc3 56.Rb4 Ra3 57.h4 Rc3
58.g3 Rc2+ 59.Kh3 Rc3 60.Rb6+ Kg7 61.Kg2 Ra3  1/2-1/2

[Event "Olympiad w"]
[Site "Bled SLO"]
[Date "2002.11.07"]
[Round "12"]
[White "Sarakauskiene,Z"]
[Black "Paridar,S"]
[Result "0-1"]
[WhiteElo "2182"]
[BlackElo "2132"]

1.e4 c5 2.Nf3 Nc6 3.d4 cxd4 4.Nxd4 Qc7 5.Nc3 e6 6.Be2 a6 7.O-O Nf6 8.Kh1 Nxd4
9.Qxd4 Bc5 10.Qd3 b5 11.f4 Bb7 12.Bf3 h5 13.e5 Ng4 14.Ne4 Be7 15.Be3 Rc8
16.Bd4 Kf8 17.c3 Bd5 18.b3 g6 19.Nd6 Bxf3 20.gxf3 Nh6 21.Nxc8 Qxc8 22.a4 Nf5
23.axb5 axb5 24.Qxb5 h4 25.Qa6 Qe8 26.Qa8 Bd8 27.Bc5+ Kg7 28.Bg1 Ng3+ 29.hxg3 hxg3+
30.Kg2 Qg8 31.f5 gxf5 32.Qb7 Qh7 33.f4 Qh1+  0-1

[Event "Olympiad w"]
[Site "Bled SLO"]
[Date "2002.11.07"]
[Round "12"]
[White "Aketaeva,D"]
[Black "Botvinnik,Ir"]
[Result "1-0"]
[WhiteElo "2127"]
[BlackElo "2187"]

1.e4 c5 2.Nf3 Nc6 3.d4 cxd4 4.Nxd4 Qb6 5.Nb3 Nf6 6.Nc3 e6 7.Bd3 Be7 8.O-O O-O
9.Be3 Qc7 10.f4 d6 11.a4 b6 12.Qf3 Nb4 13.Qg3 Re8 14.e5 Nd7 15.Nb5 Qb8 16.exd6 Bxd6
17.Be4 Nd5 18.Nxd6 Qxd6 19.Bd4 f6 20.c4 Nc7 21.Bxa8 Nxa8 22.Rfd1 Qb4 23.Qc3 Qxc3
24.Bxc3 Nc7 25.Rd6 Nf8 26.a5 Ng6 27.axb6 axb6 28.Ra7 Na6 29.Rxb6 Nxf4 30.Rbxa6 Bxa6
31.Rxa6 e5 32.g3 Ne2+ 33.Kf2 Nxc3 34.bxc3 Rb8 35.Ra3 Kf7 36.Ke3 Ke6 37.Nc5+ Kf5
38.Ne4 Rb1 39.Nf2 h5 40.c5 Rb5 41.Ne4 Ke6 42.c4 Rb2 43.c6 f5 44.Nc3 Kd6 45.Ra6 Rb8
46.Nb5+ Kc5 47.c7 Rc8 48.Rg6  1-0

[Event "Olympiad w"]
[Site "Bled SLO"]
[Date "2002.11.08"]
[Round "13"]
[White "Lujan,C"]
[Black "Peng Zhaoqin"]
[Result "0-1"]
[WhiteElo "2238"]
[BlackElo "2443"]

1.e4 c5 2.Nf3 Nc6 3.d4 cxd4 4.Nxd4 Qc7 5.Nc3 e6 6.Be2 a6 7.O-O Nf6 8.Kh1 Nxd4
9.Qxd4 Bc5 10.Qd3 h5 11.f4 Ng4 12.Qg3 b5 13.Bxg4 hxg4 14.Qxg4 Bb7 15.Qe2 Rc8
16.Be3 b4 17.Bxc5 Qxc5 18.Nd1 Qxc2 19.Qxc2 Rxc2 20.Ne3 Re2 21.Rfe1 Rxe1+
22.Rxe1 Bxe4 23.Rc1 Bc6 24.Rc4 a5 25.Kg1 Ke7 26.Rc5 a4 27.Rc4 Rb8 28.b3 axb3
29.axb3 f6 30.Kf2 Rb5 31.g4 g5 32.Kg3 Bd5 33.Nxd5+ Rxd5 34.Rxb4 Rd3+ 35.Kf2 Rh3
36.fxg5 fxg5 37.Kg2 Rc3 38.Rb7 e5 39.b4 Ke6 40.Rb8 Rb3 41.b5 Kd5 42.b6 d6
43.b7 Kc6 44.Rg8 Rxb7 45.Rxg5 Kd5 46.h4 Rh7 47.h5 Ke4 48.Rg6 d5 49.h6 d4
50.g5 d3 51.Kf2 Rd7 52.Rg7 Rd8 53.Ke1 Ke3 54.h7 d2+ 55.Kd1 Rc8  0-1